000
00298nam a2200133Ia 4500
100
_a
Aatre/Vasudev
942
_c
BK
654
_a
network
245
_a
Network theory and filter design
260
_b
WILEY EASTERN LIMITED
_a
New Delhi
_c
1983
082
_a
4.65
300
_a
476
546
_a
ENGLISH
999
_c
20283
_d
20283